Statistiche per Valli del Trentino

Clicka qui per fare il quiz!

Statistiche generali

  • Questo quiz è stato fatto 15 volte
  • Il punteggio medio è 6 su 15

Statistiche sulle risposte

Valle% Corretto
Val di Non
92%
Val di Sole
77%
Val di Fassa
62%
Val di Fiemme
62%
Valsugana
62%
Valle dell'Adige
54%
Valle dei Mocheni
31%
Val di Cembra
23%
Vallagarina
23%
Valle dei Laghi
23%
Val Rendena
23%
Val di Ledro
15%
Valle del Chiese
15%
Valli Giudicarie
15%
Val di Primiero
8%

Distribuzione punteggi

Percentile per numero di risposta

Percentuale di utenti per punteggio

I tuoi punteggi nel tempo

Non hai fatto questo quiz